000 01766cam a22002895a 4500
001 L142787
008 080310s2008 xxk f 000 0 eng d
020 _a9781842193754
035 _a(Sirsi) u142787
041 0 _aeng
050 0 4 _a333.72 $2 18
100 1 _aParnham, Phil
245 0 0 _aDomestic energy assessor's handbook
260 _aLondon
_bRICS
_c2008
300 _a201p.
_bcol. ill.
_c30cm.
505 2 _aThe role of the domestic energy assessor -- Getting ready for business -- Preparing for the energy assessment -- The inspection phase -- Developing the core knowledge: construction -- Developing the core knowledge: hot water and heating systems -- Identification of the date of construction -- Selecting and entering the data into the program -- Making recommendations and the future of domestic energy assessment -- Appendix A: glossary of terms -- Appendix B: The National Occupational Standards for Domestic Energy Assessment -- Appendix C: case study: semi-detached three-bedroom property built in the 1930s -- Appendix D: extension/alternative wall protocol -- Index
520 _aOffers guidance on the role and function of a Domestic Energy Assessor. Discusses routes to qualification and background knowledge required. Explains how to carry out inspections of residential properties, how to apply an appropriate energy efficiency rating and recommendations for future energy saving.
521 _aAdvanced
590 _aKA
650 2 4 _aHOUSING ACT 2004 PART V
650 2 4 _aRESIDENTIAL ENERGY PERFORMANCE CERTIFICATES
650 2 4 _aHOME INFORMATION PACKS
651 4 _aEngland and Wales
_y1543-
690 _aENVIRONMENTAL AND LAND CONSULTANCY-ENERGY-ENERGY USE-ENERGY EFFICIENCY
700 1 _aRussen, Larry
942 _n0
999 _c107973
_d107973